Video Games: Iconic Weapons Picture Quiz - Statistics

General Stats
  • This quiz has been taken 49 times
  • The average score is 16 of 32
Answer Stats
Picture Answer % Correct
Minecraft
93%
Mario Kart
91%
Legend of Zelda
86%
Halo
82%
Portal / Portal 2
82%
Blue Shell
80%
Diamond Sword
75%
Assassin's Creed
70%
Aperture Science Handheld Portal Device
64%
Kingdom Hearts
64%
God of War
59%
Batarang
57%
Call of Duty
57%
Master Sword
57%
Arkham
52%
Golden Gun
52%
Fallout
45%
Gears of War
41%
Ray Gun
41%
Doom
39%
Final Fantasy VII
39%
Hidden Blade
39%
Key Blade
39%
Blades of Chaos
36%
Buster Sword
32%
Skyrim
32%
Energy Sword
30%
Fat Man
30%
BFG9000
27%
GoldenEye 007
23%
Lancer
16%
Wabbajack
16%
No matching quizzes found
Score Distribution
Percent of People with Each Score
Percentile by Number Answered
Your Score History
You have not taken this quiz